Statistics for US states with only one city of over 100,000 population

Click here to take the quiz!

General Stats

  • This quiz has been taken 79 times
  • The average score is 10 of 12

Answer Stats

Population of biggest cityAnswer% Correct
178042Rhode Island
93%
291826Alaska
93%
337256Hawaii
90%
205671Idaho
90%
104170Montana
90%
153888South Dakota
89%
105549North Dakota
88%
545852New Mexico
85%
109565New Hampshire
82%
193524Arkansas
79%
620961Maryland
78%
173514Mississippi
74%

Score Distribution

Percentile by Number Answered

Percent of People with Each Score

Your Score History

You have not taken this quiz